Арии из опер Станислава Монюшко в исполнении польских артистов (Запись № 13285744)

Подробности
000 -МАРКЕР
контрольное поле 05062njm0a2200421 4500
001 - ИДЕНТИФИКАТОР ЗАПИСИ
контрольное поле RU\NLR\ONIZ\303592
005 - ИДЕНТИФИКАТОР ВЕРСИИ
контрольное поле 20250708194100.0
035 ## - ДРУГИЕ СИСТЕМНЫЕ НОМЕРА
Идентификатор записи (NLR Aleph) 022152261
071 00 - ИЗДАТЕЛЬСКИЙ НОМЕР
Номер, присвоенный агентством Д-3272-3
100 ## - ДАННЫЕ ОБЩЕЙ ОБРАБОТКИ
Данные общей обработки 20240213f19561961|||y0rusy50 ca
102 ## - СТРАНА ПУБЛИКАЦИИ ИЛИ ПРОИЗВОДСТВА
Страна публикации Российская Федерация
126 ## - ПОЛЕ КОДИРОВАННЫХ ДАННЫХ: ЗВУКОЗАПИСИ - ФИЗИЧЕСКИЕ ХАРАКТЕРИСТИКИ
Кодированные данные звукозаписи (общие) axaxdxu ux
Кодированные данные звукозаписи (уточнения) xxx
127 ## - ПОЛЕ КОДИРОВАННЫХ ДАННЫХ: ПРОДОЛЖИТЕЛЬНОСТЬ ЗВУКОЗАПИСЕЙ И НОТНЫХ ИЗДАНИЙ (МУЗЫКАЛЬНОЕ ИСПОЛНЕНИЕ)
Продолжительность 002300
200 1# - ЗАГЛАВИЕ И СВЕДЕНИЯ ОБ ОТВЕТСТВЕННОСТИ
Основное заглавие Арии из опер Станислава Монюшко в исполнении польских артистов
Общее обозначение материала Звукозапись
203 ## - ВИД СОДЕРЖАНИЯ И ТИП СРЕДСТВА
Вид содержания Музыка
Дополнительные сведения об издании
Тип средства аудио
210 ## - ПУБЛИКАЦИЯ, РАСПРОСТРАНЕНИЕ И ДР.
Место издания, распространения и т.д. Москва
Имя издателя, распространителя и т. д. Министерство культуры СССР
Имя изготовителя Завод грампластинок
Место изготовления Ленинград
Дата издания, распространения и т.д. [19--]
215 ## - ФИЗИЧЕСКАЯ ХАРАКТЕРИСТИКА
Специфическое обозначение материала и объем 1 грп. [ГОСТ 5289-56] (23 мин) : 33 об/мин, моно
Размеры 25 см, в конв.
327 1# - ПРИМЕЧАНИЯ О СОДЕРЖАНИИ
Текст примечания 1. Ария Стефана : опера "Страшный двор" / исполняет: А. Кленовский, [тенор].
-- 2. Ария Сколубы : опера "Страшный двор" / исполняет: И. Микулин, [бас].
-- 3. Заключительная песня Графини : опера "Графиня" / исполняет: А. Кавецка, [сопрано].
-- 4. Ария Станислава : опера "Вербум нобиле" / исполняет: А. Хиольский, [баритон].
-- 5. Речитатив и ария Гальки : опера "Галька" / исполняет: А. Кавецка, [сопрано].
-- 6. Ария Ионтека : опера "Галька" / исполняет: Б. Папроцкий, [тенор]
464 #0 - АНАЛИТИЧЕСКИЙ УРОВЕНЬ
Встроенное поле 2001#$aАрия Стефана$eопера "Страшный двор"$fисполняет: А. Кленовский, [тенор]
-- 50000$aСтрашный двор$iАрия Стефана$bЗвукозапись$lопера$rтенор$7ca
-- 6890#$aЩ943.1-071(4П)
-- 702#1$9z01790$aКленовский$bА.$cтенор$4721$4vte$7ca
-- 790#1$9z01702$aKlenovskij$bA.$ctenor$4721$4vte$7ba
Заглавие Ария Стефана
464 #0 - АНАЛИТИЧЕСКИЙ УРОВЕНЬ
Встроенное поле 2001#$aАрия Сколубы$eопера "Страшный двор"$fисполняет: И. Микулин, [бас]
-- 50000$aСтрашный двор$iАрия Сколубы$bЗвукозапись$lопера$rбас$rоркестр
-- 6890#$aЩ943.3-071(4П)
-- 702#1$9z01790$aМикулин$bИ.$gИгорь$cбас$4721$4vbs$7ca
-- 790#1$9z01702$aMikulin$bI.$gIgor`$cbass$4721$4vbs$7ba
Заглавие Ария Сколубы
464 #0 - АНАЛИТИЧЕСКИЙ УРОВЕНЬ
Встроенное поле 2001#$aЗаключительная песня Графини$eопера "Графиня"$fисполняет: А. Кавецка, [сопрано]
-- 50000$aГрафиня$iЗаключительная песня Графини$bЗвукозапись$lопера$rсопрано$7ca
-- 6890#$aЩ943.1-071(4П)
-- 702#1$9z01790$aКавецка$bА.$cсопрано$4721$4vso$7ca
-- 790#1$9z01702$aKavetska$bA.$csoprano$4721$4vso$7ba
Заглавие Заключительная песня Графини
464 #0 - АНАЛИТИЧЕСКИЙ УРОВЕНЬ
Встроенное поле 2001#$aАрия Станислава$eопера "Вербум нобиле"$fисполняет: А. Хиольский, [баритон]
-- 50000$aЧестное слово$iАрия Станислава$bЗвукозапись$lопера$rбаритон$7ca
-- 6890#$aЩ943.2-071(4П)
-- 702#1$9z01790$aХиольский$bА.$gАнджей$cбаритон$f1922-2000$4721$4sba$7ca
-- 790#1$9z01702$aHiolski$bA.$gAndzej$cbariton$f1922-2000$4721$4sba$7ba
Заглавие Ария Станислава
464 #0 - АНАЛИТИЧЕСКИЙ УРОВЕНЬ
Встроенное поле 2001#$aРечитатив и ария Гальки$eопера "Галька"$fисполняет: А. Кавецка, [сопрано]
-- 50000$aГалька$iРечитатив и ария Гальки$bЗвукозапись$lопера$rсопрано$7ca
-- 6890#$aЩ943.1-071(4П)
-- 702#1$9z01790$aКавецка$bА.$cсопрано$4721$4vso$7ca
-- 790#1$9z01702$aKavetska$bA.$csoprano$4721$4vso$7ba
Заглавие Речитатив и ария Гальки
464 #0 - АНАЛИТИЧЕСКИЙ УРОВЕНЬ
Встроенное поле 2001#$aАрия Ионтека$eопера "Галька"$fисполняет: Б. Папроцкий, [тенор]
-- 50000$aГалька$iДума Йонтека$bЗвукозапись$lопера$rтенор
-- 6890#$aЩ943.1-071(4П)
-- 702#1$9z01790$aПапроцкий$bБ.$gБогдан$cтенор$f1919-2010$4721$4vte$7ca
-- 790#1$9z01702$aPaprocki$bB.$gBogdan$ctenor$f1919-2010$4721$4vte$7ba
Заглавие Ария Ионтека
606 1# - НАИМЕНОВАНИЕ ТЕМЫ КАК ПРЕДМЕТ
Наименование темы Арии из опер зарубежных композиторов
Географический подзаголовок Польша
Хронологический подзаголовок 19 в.
Формальный подзаголовок Звукозапись
Код системы nlr_sh
-- ca
606 1# - НАИМЕНОВАНИЕ ТЕМЫ КАК ПРЕДМЕТ
Наименование темы Певцы оперные зарубежные
Географический подзаголовок Польша
Хронологический подзаголовок 20-21 вв.
Формальный подзаголовок Звукозапись
Код системы nlr_sh
686 0# - ИНДЕКСЫ ДРУГИХ КЛАССИФИКАЦИЙ
Индекс Щ943.0-071я44(4П)
700 #1 - ИМЯ ЛИЦА - ПЕРВИЧНАЯ ОТВЕТСТВЕННОСТЬ
Системный номер авторитетной/нормативной записи z01790
Начальный элемент ввода Монюшко
Часть имени, кроме начального элемента ввода С.
Даты 1819-1872
Расширение инициалов личного имени Станислав
Код отношения Композитор
Графика поля Кириллица
790 #1 - ИМЯ ЛИЦА - АЛЬТЕРНАТИВНАЯ ФОРМА
Системный номер авторитетной/нормативной записи z01700
Начальный элемент ввода Monjuško
Часть имени, кроме начального элемента ввода S.
Даты 1819-1872
Расширение инициалов личного имени Stanisław
Код отношения Композитор
Графика поля Латинская
801 #0 - ИСТОЧНИК ЗАПИСИ
Страна Российская Федерация
Организация NLR
Дата составления 20240213
Правила каталогизации PSBO
801 #1 - ИСТОЧНИК ЗАПИСИ
Страна Российская Федерация
Организация NLR
Дата составления 20240213
Источник данных rusmarc
801 #2 - ИСТОЧНИК ЗАПИСИ
Страна Российская Федерация
Организация NLR
Дата составления 20240216
852 ## - МЕСТОНАХОЖДЕНИЕ И ШИФР ХРАНЕНИЯ
Идентификатор организации NLR
Наименование фонда или коллекции (Sub-Location Identifier) Мг
Шифр хранения (Call Number) 2/2139
Страна
Номер экземпляра 1
942 ## - ДОПОЛНИТЕЛЬНЫЕ ЭЛЕМЕНТЫ ЗАПИСИ (АБИС)
Тип экземпляра АБИС Звукозапись
980 ## - КОЛЛЕКЦИЯ
Название коллекции Национальная библиография
980 ## - КОЛЛЕКЦИЯ
Название коллекции Отдел нот и звукозаписей
Экземпляры
Тип экземпляра Дата поступления Библиотека постоянного хранения Библиотека текущего хранения Место хранения Шифр хранения Статус экземпляра
Звукозапись 13.02.2024 РНБ (Московский) РНБ (Московский) Фонд нот и звукозаписей 2/2139 2/2139